Hands of horror (Record no. 72136)

MARC details
000 -LEADER
fixed length control field 00736nam a2200265 i 4500
001 - CONTROL NUMBER
control field C2-0261487
003 - CONTROL NUMBER IDENTIFIER
control field PPAK
005 - DATE AND TIME OF LATEST TRANSACTION
control field 20180727230926.0
008 - FIXED-LENGTH DATA ELEMENTS--GENERAL INFORMATION
fixed length control field 041226s2004 my a|||| ||||| | eng d
020 ## - INTERNATIONAL STANDARD BOOK NUMBER
International Standard Book Number 9838772003
040 ## - CATALOGING SOURCE
Original cataloging agency PPAK
Language of cataloging eng
Transcribing agency PPAK
Description conventions rda
082 04 - DEWEY DECIMAL CLASSIFICATION NUMBER
Classification number 398.2
Edition number 23
090 00 - LOCALLY ASSIGNED LC-TYPE CALL NUMBER (OCLC); LOCAL CALL NUMBER (RLIN)
Classification number (OCLC) (R) ; Classification number, CALL (RLIN) (NR) 398.2
Feature heading NAI
Feature heading K
100 0# - MAIN ENTRY--PERSONAL NAME
Personal name Naima Gany Shaik Dawood,
Relator term author
245 10 - TITLE STATEMENT
Title Hands of horror
264 #1 - PRODUCTION, PUBLICATION, DISTRIBUTION, MANUFACTURE, AND COPYRIGHT NOTICE
Place of production, publication, distribution, manufacture Petaling Jaya, Selangor :
Name of producer, publisher, distributor, manufacturer Penerbit Prisma ,
Date of production, publication, distribution, manufacture, or copyright notice 2004
300 ## - PHYSICAL DESCRIPTION
Extent 92 pages :
Other physical details illustrations ;
Dimensions 18 cm
336 ## - CONTENT TYPE
Source rdacontent
Content type term text
337 ## - MEDIA TYPE
Source rdamedia
Media type term unmediated
338 ## - CARRIER TYPE
Source rdacarrier
Carrier type term volume
490 1# - SERIES STATEMENT
Series statement Tall tales from the forest
650 10 - SUBJECT ADDED ENTRY--TOPICAL TERM
Topical term or geographic name entry element Tales
830 #0 - SERIES ADDED ENTRY--UNIFORM TITLE
Uniform title Tall tales from the forest
942 ## - ADDED ENTRY ELEMENTS (KOHA)
-- dc
Koha item type Book
Holdings
Withdrawn Not for loan Current library Shelving location Date acquired Full call number Barcode Date last seen Koha item type Total Checkouts Date last checked out
    Perpustakaan Alor Setar Pinjaman Kanak-kanak 26/12/2004 K 398.2 NAI A01073837 09/05/2018 Book    
    Perpustakaan Awam Sungai Petani Pinjaman Kanak-kanak 26/12/2004 K 398.2 NAI A01073838 05/09/2021 Book 2 21/04/2021
    Perpustakaan Awam Sungai Petani Pinjaman Kanak-kanak 26/12/2004 K 398.2 NAI A01073842 09/05/2018 Book    
    Perpustakaan Jitra Pinjaman Kanak-kanak 26/12/2004 K 398.2 NAI A01073839 09/05/2018 Book